000 00582nam a2200193Ia 4500
005 20250508151856.0
008 008 250505s9999 xx 000 0 eng d
037 _aBooks to be hide in OPAC
040 _aFEDL
_beng
_cFEDL
041 _aeng
_2eng
084 _a371.713, THU/O
_qFEDL
100 _aThurstone Thelma Gwinn
_9760244
245 0 _aMental abilities of children
260 _aChicago, USA
_bScience Research Assoicates
_c1954
300 _a48p.
700 _a Byrne Katharine Mann
_9760245
942 _cHB
_h371.713, THU/O
999 _c1332643
_d1332643